01374nam a2200253 a 450000100100000000500170001000800410002704000250006808200210009310000340011424500810014826000360022930000200026550001690028565100780045470000470053291000370057904900090061695201190062595201190074495201200086395201200098399900170110300001112220240304171404.0091014s1972 dr 000 0 spa d aDO-SdBNPbspacBNPHU aF - RD 69bS197g1 aSanabia, Rafael Emilio92643810aEn las garras del águila /cRafael Emilio Sanabia; prólogo Americo Lugo. aSanto Domingo :b[s.n.],c1972. a44 p. ;c22 cm. aLos artículos que figuran en estas páginas, han sido seleccionados de la obra: Zarpas y Verdugos, cuya única edición circuló en el país en el año 1925 4aRepública DominicanaxHistoriay0CUPACIÓN AMERICANA, 1916-192492663612aLugo, Américod1870-1952epról.981550 aValidado. Control de calidad MFF aBNPD 0010718PDaPDbPDcHDd2009-10-14iLF1l0oF - RD 69 S197gp11122-10r2020-06-25w2020-06-25yLFPDZNo se presta 0010718PDaPDbPDcHDd2011-02-22iLF1l0oF - RD 69 S197gp11122-20r2020-06-25w2020-06-25yLFPDZNo se presta 00107-18PDaPDbPDcOId2009-10-14iLF1l0oF - RD 69 S197gp11123-10r2020-06-25w2020-06-25yLFPDZNo se presta 00107-18PDaPDbPDcOId2009-10-14iLF1l0oF - RD 69 S197gp11123-20r2020-06-25w2020-06-25yLFPDZNo se presta c10847d10847